| 000 | 00665nam a2200229 a 4500 | ||
|---|---|---|---|
| 001 | C01448470c-8 | ||
| 003 | CO-ViMGA | ||
| 005 | 20230915233141.0 | ||
| 008 | 151120s2014 ck a gr 00010 spa d | ||
| 020 | _a9789585788541 | ||
| 040 |
_aCO-ViMGA _bspa _cCO-ViMGA |
||
| 043 | _as-cl--- | ||
| 082 | 0 | 4 |
_aCh861.6 _bZ15m _219 |
| 100 | 1 |
_aZambra, Alejandro, _d1975- _93509 |
|
| 245 | 1 | 0 |
_aMudanza / _cAlejandro Zambra. |
| 260 |
_aBogotá : _bDestiempo, _c2014. |
||
| 300 |
_a63 páginas : _bilustraciones ; _c15 cm. |
||
| 650 | 1 | 4 |
_aMujeres _v Poesías. _91434 |
| 650 | 1 | 4 |
_aPoesía chilena. _93077 |
| 650 | 1 | 4 |
_aVida cotidiana _v Poesías. _94145 |
| 942 |
_2ddc _cBK |
||
| 999 |
_c35804 _d35804 |
||